书目信息 |
| 题名: |
言传“声”教 读出未来
|
|
| 作者: | 安娜 著 | |
| 分册: | ||
| 出版信息: | 哈尔滨 哈尔滨工业大学出版社 2020.01 |
|
| 页数: | 222页 | |
| 开本: | 24cm | |
| 丛书名: | ||
| 单 册: | ||
| 中图分类: | G782 , G792 | |
| 科图分类: | ||
| 主题词: | 读书方法--du shu fang fa--家庭教育 | |
| 电子资源: | ||
| ISBN: | 978-7-5603-8340-8 | |
| 000 | 00932nam0 2200253 450 | |
| 001 | 0105143339 | |
| 005 | 20201105143352.0 | |
| 010 | @a978-7-5603-8340-8@dCNY45.00 | |
| 100 | @a20200511d2020 em y0chiy50 ea | |
| 101 | 0 | @achi |
| 102 | @aCN@b230000 | |
| 105 | @aa z 000yy | |
| 106 | @ar | |
| 200 | 1 | @a言传“声”教 读出未来@Ayan chuan “ sheng ” jiao du chu wei lai@e安娜妈咪让孩子爱上阅读@f安娜著 |
| 210 | @a哈尔滨@c哈尔滨工业大学出版社@d2020.01 | |
| 215 | @a222页@c图, 彩照@d24cm | |
| 330 | @a本书共分五部分,内容包括:阅读的重要性&如何让孩子爱上阅读;你也能成为故事大王——讲故事的技巧;自信心对阅读的影响;阅读的拓展与延伸;听安娜妈咪讲故事。 | |
| 517 | 1 | @a安娜妈咪让孩子爱上阅读@Aan na ma mi rang hai zi ai shang yue du |
| 606 | 0 | @a读书方法@Adu shu fang fa@x家庭教育 |
| 690 | @aG782@v5 | |
| 690 | @aG792@v5 | |
| 701 | 0 | @a安娜@Aan na@4著 |
| 801 | 0 | @aCN@bBJSZM@c20201105 |
| 905 | @b1263139-40@dG782@e2179@f2 | |
| 言传“声”教 读出未来:安娜妈咪让孩子爱上阅读/安娜著.-哈尔滨:哈尔滨工业大学出版社,2020.01 |
| 222页:图, 彩照;24cm |
| ISBN 978-7-5603-8340-8:CNY45.00 |
| 本书共分五部分,内容包括:阅读的重要性&如何让孩子爱上阅读;你也能成为故事大王——讲故事的技巧;自信心对阅读的影响;阅读的拓展与延伸;听安娜妈咪讲故事。 |
| ● |
| 相关链接 |
|
|
|
|
正题名:言传"声"教 读出未来
索取号:G782/2179
 
预约/预借
| 序号 | 登录号 | 条形码 | 馆藏地/架位号 | 状态 | 备注 |
| 1 | 1263139 | 212631393 | 第一样本阅览室/ [索取号:G782/2179] | 在馆 | |
| 2 | 1263140 | 212631400 | 第四借阅区/ [索取号:G782/2179] | 在馆 |